Mastering Harvard graphics for windows

Bibliographic Details
Main Author: Read, Donald Richard
Format: Book
Published: New Yorkk : McGraw-Hill , 1993
Subjects:

MARC

LEADER 00000cam a2200000 7i4500
001 0000002313
002 000002518
005 20000330.0
020 |a 0830640495 
090 0 0 |a 006.6869   |b REA 
100 1 |a Read, Donald Richard 
245 1 0 |a Mastering Harvard graphics for windows   |c Donald Richard Read 
260 |a New Yorkk :   |b McGraw-Hill ,   |c 1993 
300 |a 263 p. ;   |c 23 cm. 
650 0 0 |a Computer graphics 
650 0 0 |a Harvard Graphics for Windows 
999 |a 035561   |b BUKU   |c PINJAMAN   |e PERPUSTAKAAN KOMUNITI PETALING JAYA 
999 |a 035562   |b BUKU   |c PINJAMAN   |e PERPUSTAKAAN KOMUNITI PETALING JAYA